[Event "Valby K41 op 0910"]
[Site "Valby"]
[Date "2010.02.16"]
[Round "8"]
[White "Nielsen, Leonard de Freitas"]
[Black "Christensen, Esben"]
[Result "0-1"]
[WhiteElo "1930"]
[BlackElo "1963"]
[PlyCount "64"]
[EventDate "2009.11.03"]
[EventType "swiss"]
[EventRounds "9"]
[EventCountry "DEN"]
[SourceTitle "EXT 2018"]
[Source "ChessBase"]
[SourceDate "2017.10.13"]
[SourceVersion "1"]
[SourceVersionDate "2017.10.13"]
[SourceQuality "1"]

1. e4 c5 2. Nf3 e6 3. d4 cxd4 4. Nxd4 Nf6 5. Nc3 d6 6. Be3 a6 7. Be2 Qc7 8. Qd2 b5 9. a3 Bb7 10. f3 Nc6 11. g4 Ne5 12. g5 Nfd7 13. f4 Nc4 14. Bxc4 Qxc4 15. f5 Ne5 16. fxe6 fxe6 17. Rf1 Rc8 18. 0-0-0 Be7 19. h4 b4 20. axb4 Qxb4 21. Nb3 a5 22. Qd4 Rc4 23. Qa7 a4 24. Bc5 Nc6 25. Bxb4 Nxa7 26. Rd4 Ba6 27. Rfd1 axb3 28. Bxd6 Rxd4 29. Rxd4 Nc6 30. Ra4 Bxd6 31. Rxa6 Bf4+ 32. Kd1 bxc2+ 0-1

[Event "Politiken Cup 31st"]
[Site "Helsingor"]
[Date "2009.07.25"]
[Round "9"]
[White "Rasmussen, Bent"]
[Black "Nielsen, Leonard de Freitas"]
[Result "0-1"]
[WhiteElo "1724"]
[BlackElo "1972"]
[PlyCount "55"]
[EventDate "2009.07.18"]
[EventType "swiss"]
[EventRounds "10"]
[EventCountry "DEN"]
[SourceTitle "CBM 131 Extra"]
[Source "ChessBase"]
[SourceDate "2009.09.03"]
[SourceVersion "2"]
[SourceVersionDate "2009.09.16"]
[SourceQuality "1"]

1. d4 g6 2. c4 Bg7 3. Nc3 c5 4. e3 cxd4 5. exd4 e5 6. dxe5 Bxe5 7. Nge2 Ne7 8. g3 a6 9. Bg2 Nbc6 10. 0-0 d6 11. Bf4 Be6 12. Qb3 Qc7 13. Nd5 Bxd5 14. cxd5 Na5 15. Qb4 Nxd5 16. Bxd5 Nc6 17. Bxc6+ bxc6 18. Bxe5 dxe5 19. Rac1 Rb8 20. Qc3 0-0 21. b3 Rb6 22. Qc4 Re8 23. Nc3 Rd8 24. Rfd1 a5 25. Rxd8+ Qxd8 26. Rd1 Qf6 27. Kg2 Rb4 28. Qxc6 0-1

[Event "Politiken Cup 31st"]
[Site "Helsingor"]
[Date "2009.07.23"]
[Round "7"]
[White "Rasmussen, Morten"]
[Black "Nielsen, Leonard de Freitas"]
[Result "1/2-1/2"]
[WhiteElo "1870"]
[BlackElo "1972"]
[PlyCount "91"]
[EventDate "2009.07.18"]
[EventType "swiss"]
[EventRounds "10"]
[EventCountry "DEN"]
[SourceTitle "CBM 131 Extra"]
[Source "ChessBase"]
[SourceDate "2009.09.03"]
[SourceVersion "2"]
[SourceVersionDate "2009.09.16"]
[SourceQuality "1"]

1. d4 d5 2. c4 c6 3. Nf3 g6 4. Nc3 Bg7 5. Bf4 a6 6. e3 Nf6 7. Qb3 0-0 8. cxd5 Nxd5 9. Bxb8 Nxc3 10. bxc3 Rxb8 11. Bxa6 Qa5 12. Bd3 b5 13. 0-0 Be6 14. Qc2 Rb6 15. a3 Rc8 16. Ng5 c5 17. Nxe6 Rxe6 18. Qb2 cxd4 19. cxd4 Rb6 20. Rfc1 Rxc1+ 21. Rxc1 b4 22. Rb1 b3 23. Bc4 e6 24. Bxb3 Bf8 25. a4 Qb4 26. Qc2 Ra6 27. Bxe6 Qxa4 28. Qxa4 Rxa4 29. Bc8 Ra7 30. g4 Rc7 31. Bb7 Be7 32. Kg2 h6 33. f4 Kg7 34. Bf3 Rc3 35. Re1 Rc2+ 36. Kg3 g5 37. e4 gxf4+ 38. Kxf4 Rxh2 39. e5 Bg5+ 40. Ke4 Ra2 41. Kd5 Ra5+ 42. Kd6 Bd2 43. Rb1 Ra4 44. d5 Bf4 45. Re1 f6 46. Re4 1/2-1/2

[Event "Copenhagen Challenge"]
[Site "Ballerup"]
[Date "2009.05.08"]
[Round "4"]
[White "Kristensen, Kaare Hove"]
[Black "Nielsen, Leonard de Freitas"]
[Result "1-0"]
[WhiteElo "2244"]
[BlackElo "1925"]
[PlyCount "43"]
[EventDate "2009.05.06"]
[EventType "swiss"]
[EventRounds "9"]
[EventCountry "DEN"]
[SourceTitle "CBM 130 Extra"]
[Source "ChessBase"]
[SourceDate "2009.07.02"]
[SourceVersion "2"]
[SourceVersionDate "2009.07.15"]
[SourceQuality "1"]

1. e4 c5 2. Nf3 e6 3. d4 cxd4 4. Nxd4 a6 5. f4 Qc7 6. Be3 d6 7. Nc3 Nf6 8. Qf3 Nc6 9. 0-0-0 Be7 10. g4 Nxd4 11. Bxd4 e5 12. fxe5 dxe5 13. Qg3 Bd6 14. Bg1 Bxg4 15. Rd3 g6 16. Be3 Be6 17. Be2 Bc4 18. Rxd6 Qxd6 19. Bxc4 0-0 20. Rd1 Qb4 21. Nd5 Qxc4 22. Nxf6+ 1-0

[Event "Copenhagen Challenge"]
[Site "Ballerup"]
[Date "2009.05.06"]
[Round "1"]
[White "Nielsen, Leonard de Freitas"]
[Black "Bekker Jensen, David"]
[Result "1-0"]
[WhiteElo "1925"]
[BlackElo "2330"]
[PlyCount "65"]
[EventDate "2009.05.06"]
[EventType "swiss"]
[EventRounds "9"]
[EventCountry "DEN"]
[SourceTitle "CBM 130 Extra"]
[Source "ChessBase"]
[SourceDate "2009.07.02"]
[SourceVersion "2"]
[SourceVersionDate "2009.07.15"]
[SourceQuality "1"]

1. e4 c5 2. Nc3 Nc6 3. f4 g6 4. g3 Bg7 5. Bg2 e6 6. d3 Nge7 7. Be3 d6 8. Nge2 0-0 9. 0-0 Nd4 10. Qd2 Rb8 11. Nd1 b5 12. c3 Nxe2+ 13. Qxe2 b4 14. g4 f5 15. gxf5 exf5 16. e5 Ba6 17. c4 Re8 18. a3 Bb7 19. axb4 Bxg2 20. Kxg2 Rxb4 21. Rxa7 Qb6 22. Ra2 dxe5 23. fxe5 Nc6 24. Qf3 Rxe5 25. Bf4 Nd4 26. Qa8+ Qb8 27. Bxe5 Bxe5 28. Qd5+ Kg7 29. Qd7+ Kf6 30. Ra7 Qd6 31. Qg7+ Kg5 32. h4+ Kxh4 33. Qh6+ 1-0

[Event "Dos Hermanas Internet qual-B 10th"]
[Site "ICC INT"]
[Date "2009.03.13"]
[Round "9"]
[White "Fernandez Vazquez, Jorge"]
[Black "Nielsen, Leonard de Freitas"]
[Result "0-1"]
[WhiteElo "1822"]
[BlackElo "1925"]
[PlyCount "34"]
[EventDate "2009.03.13"]
[EventType "swiss (blitz)"]
[EventRounds "12"]
[EventCountry "ESP"]
[SourceTitle "CBM 129 Extra"]
[Source "ChessBase"]
[SourceDate "2009.05.05"]
[SourceVersion "2"]
[SourceVersionDate "2009.05.20"]
[SourceQuality "1"]

1. d4 Nf6 2. c4 e6 3. Nc3 Bb4 4. e3 0-0 5. Bd3 d5 6. Nge2 c5 7. cxd5 exd5 8. dxc5 Nc6 9. 0-0 Bxc5 10. Na4 Bd6 11. Nd4 Nxd4 12. exd4 Bd7 13. Bg5 Bxa4 14. Qxa4 Bxh2+ 15. Kh1 Bd6 16. Rac1 Qd7 17. Bxf6 Qxa4 0-1

[Event "Dos Hermanas Internet qual-A 10th"]
[Site "ICC INT"]
[Date "2009.03.13"]
[Round "1"]
[White "Nielsen, Leonard de Freitas"]
[Black "Belezky, Alexander"]
[Result "0-1"]
[WhiteElo "1925"]
[BlackElo "2467"]
[PlyCount "62"]
[EventDate "2009.03.13"]
[EventType "swiss (blitz)"]
[EventRounds "12"]
[EventCountry "ESP"]
[SourceTitle "CBM 129 Extra"]
[Source "ChessBase"]
[SourceDate "2009.05.05"]
[SourceVersion "2"]
[SourceVersionDate "2009.05.20"]
[SourceQuality "1"]

1. e4 c5 2. Nf3 a6 3. d4 cxd4 4. Nxd4 Nf6 5. Nc3 e5 6. Nb3 Bb4 7. Bd3 d5 8. Qe2 d4 9. a3 Be7 10. Nd5 Nxd5 11. exd5 Qxd5 12. 0-0 Nc6 13. Be4 Qd6 14. c3 Be6 15. Bxc6+ bxc6 16. c4 c5 17. Rd1 0-0 18. Nd2 Qc7 19. Ne4 h6 20. b3 Rab8 21. Qd3 f5 22. Ng3 e4 23. Qf1 Rxb3 24. Bd2 Rfb8 25. Rdb1 Rxb1 26. Rxb1 Rxb1 27. Qxb1 Bd6 28. Nf1 Bxc4 29. g3 Bd5 30. a4 c4 31. Bb4 Qb7 0-1